<?xml version="1.0" encoding="UTF-8"?>
<record
    xmlns:xsi="http://www.w3.org/2001/XMLSchema-instance"
    xsi:schemaLocation="http://www.loc.gov/MARC21/slim http://www.loc.gov/standards/marcxml/schema/MARC21slim.xsd"
    xmlns="http://www.loc.gov/MARC21/slim">

  <leader>03770nam a22003977a 4500</leader>
  <controlfield tag="005">2008092908228.0</controlfield>
  <controlfield tag="008">080929t        xxu||||| |||| 00| 0 eng d</controlfield>
  <datafield tag="010" ind1=" " ind2=" ">
    <subfield code="a">B-308840-847              B-309101-104</subfield>
  </datafield>
  <datafield tag="020" ind1=" " ind2=" ">
    <subfield code="a">9781840225501</subfield>
    <subfield code="c">&#xA3;8.99   (712.00)</subfield>
  </datafield>
  <datafield tag="035" ind1=" " ind2=" ">
    <subfield code="a">B-308840-847             </subfield>
  </datafield>
  <datafield tag="035" ind1=" " ind2=" ">
    <subfield code="a"> B-309101-104</subfield>
  </datafield>
  <datafield tag="035" ind1=" " ind2=" ">
    <subfield code="a"> B-357662</subfield>
  </datafield>
  <datafield tag="037" ind1=" " ind2=" ">
    <subfield code="b">Super Book Distt.</subfield>
  </datafield>
  <datafield tag="040" ind1=" " ind2=" ">
    <subfield code="a">DPL</subfield>
    <subfield code="b">English</subfield>
  </datafield>
  <datafield tag="082" ind1=" " ind2=" ">
    <subfield code="a">880.8</subfield>
  </datafield>
  <datafield tag="245" ind1=" " ind2=" ">
    <subfield code="a">Collected works of Oscar Wilde :</subfield>
    <subfield code="b">the plays, the poems, the stories and the essays including De Profundis </subfield>
  </datafield>
  <datafield tag="260" ind1=" " ind2=" ">
    <subfield code="a">Hertfordshire</subfield>
    <subfield code="b">Wordworth Editions Limited</subfield>
    <subfield code="c">2007</subfield>
  </datafield>
  <datafield tag="270" ind1=" " ind2=" ">
    <subfield code="a">8B East Street, Ware</subfield>
    <subfield code="b">Hertfordshire</subfield>
    <subfield code="e">SG12 9HJ</subfield>
  </datafield>
  <datafield tag="300" ind1=" " ind2=" ">
    <subfield code="a">1098p.</subfield>
    <subfield code="c">23cm.  (Hb)</subfield>
  </datafield>
  <datafield tag="942" ind1=" " ind2=" ">
    <subfield code="2">ddc</subfield>
    <subfield code="c">EN</subfield>
    <subfield code="m">COL</subfield>
    <subfield code="h">880.8</subfield>
  </datafield>
  <datafield tag="999" ind1=" " ind2=" ">
    <subfield code="c">15922</subfield>
    <subfield code="d">15922</subfield>
  </datafield>
  <datafield tag="952" ind1=" " ind2=" ">
    <subfield code="0">0</subfield>
    <subfield code="1">0</subfield>
    <subfield code="2">ddc</subfield>
    <subfield code="4">0</subfield>
    <subfield code="7">0</subfield>
    <subfield code="8">NFIC</subfield>
    <subfield code="a">L</subfield>
    <subfield code="b">L</subfield>
    <subfield code="d">2009-05-25</subfield>
    <subfield code="e">Super/46979/47060/23.12.08/263/24.12.08</subfield>
    <subfield code="g">712.00</subfield>
    <subfield code="l">0</subfield>
    <subfield code="o">880.8 COL</subfield>
    <subfield code="p">B-308840</subfield>
    <subfield code="r">2009-05-25 00:00:00</subfield>
    <subfield code="t">1</subfield>
    <subfield code="v">712.00</subfield>
    <subfield code="w">2009-05-25</subfield>
    <subfield code="y">EN</subfield>
    <subfield code="z">Legal Case (Register 2018)</subfield>
  </datafield>
  <datafield tag="952" ind1=" " ind2=" ">
    <subfield code="0">0</subfield>
    <subfield code="1">0</subfield>
    <subfield code="2">ddc</subfield>
    <subfield code="4">0</subfield>
    <subfield code="7">0</subfield>
    <subfield code="8">NFIC</subfield>
    <subfield code="a">M</subfield>
    <subfield code="b">M</subfield>
    <subfield code="d">2009-05-25</subfield>
    <subfield code="e">Super/46979/47060/23.12.08/263/24.12.08</subfield>
    <subfield code="g">712.00</subfield>
    <subfield code="l">0</subfield>
    <subfield code="o">880.8 COL</subfield>
    <subfield code="p">B-308841</subfield>
    <subfield code="r">2009-05-25 00:00:00</subfield>
    <subfield code="t">2</subfield>
    <subfield code="v">712.00</subfield>
    <subfield code="w">2009-05-25</subfield>
    <subfield code="y">EN</subfield>
  </datafield>
  <datafield tag="952" ind1=" " ind2=" ">
    <subfield code="0">0</subfield>
    <subfield code="1">0</subfield>
    <subfield code="2">ddc</subfield>
    <subfield code="4">0</subfield>
    <subfield code="7">0</subfield>
    <subfield code="8">NFIC</subfield>
    <subfield code="a">M</subfield>
    <subfield code="b">M</subfield>
    <subfield code="d">2009-05-25</subfield>
    <subfield code="e">Super/46979/47060/23.12.08/263/24.12.08</subfield>
    <subfield code="g">712.00</subfield>
    <subfield code="l">0</subfield>
    <subfield code="o">880.8 COL</subfield>
    <subfield code="p">B-308842</subfield>
    <subfield code="r">2009-05-25 00:00:00</subfield>
    <subfield code="t">2</subfield>
    <subfield code="v">712.00</subfield>
    <subfield code="w">2009-05-25</subfield>
    <subfield code="y">EN</subfield>
  </datafield>
  <datafield tag="952" ind1=" " ind2=" ">
    <subfield code="0">0</subfield>
    <subfield code="1">0</subfield>
    <subfield code="2">ddc</subfield>
    <subfield code="4">0</subfield>
    <subfield code="7">0</subfield>
    <subfield code="8">NFIC</subfield>
    <subfield code="a">BL1</subfield>
    <subfield code="b">BL1</subfield>
    <subfield code="d">2009-05-25</subfield>
    <subfield code="e">Super/46979/47060/23.12.08/263/24.12.08</subfield>
    <subfield code="g">712.00</subfield>
    <subfield code="l">0</subfield>
    <subfield code="o">880.8 COL</subfield>
    <subfield code="p">B-308843</subfield>
    <subfield code="r">2009-05-25 00:00:00</subfield>
    <subfield code="t">1</subfield>
    <subfield code="v">712.00</subfield>
    <subfield code="w">2009-05-25</subfield>
    <subfield code="y">EN</subfield>
  </datafield>
  <datafield tag="952" ind1=" " ind2=" ">
    <subfield code="0">0</subfield>
    <subfield code="1">0</subfield>
    <subfield code="2">ddc</subfield>
    <subfield code="4">0</subfield>
    <subfield code="7">0</subfield>
    <subfield code="8">NFIC</subfield>
    <subfield code="a">PR</subfield>
    <subfield code="b">PR</subfield>
    <subfield code="d">2009-05-25</subfield>
    <subfield code="e">Super/46979/47060/23.12.08/263/24.12.08</subfield>
    <subfield code="g">712.00</subfield>
    <subfield code="l">0</subfield>
    <subfield code="o">880.8 COL</subfield>
    <subfield code="p">B-308844</subfield>
    <subfield code="r">2009-05-25 00:00:00</subfield>
    <subfield code="t">1</subfield>
    <subfield code="v">712.00</subfield>
    <subfield code="w">2009-05-25</subfield>
    <subfield code="y">EN</subfield>
  </datafield>
  <datafield tag="952" ind1=" " ind2=" ">
    <subfield code="0">0</subfield>
    <subfield code="1">0</subfield>
    <subfield code="2">ddc</subfield>
    <subfield code="4">0</subfield>
    <subfield code="7">0</subfield>
    <subfield code="8">NFIC</subfield>
    <subfield code="a">ZLS</subfield>
    <subfield code="b">ZLS</subfield>
    <subfield code="d">2009-05-25</subfield>
    <subfield code="e">Super/46979/47060/23.12.08/263/24.12.08</subfield>
    <subfield code="g">712.00</subfield>
    <subfield code="l">17</subfield>
    <subfield code="m">2</subfield>
    <subfield code="o">880.8 COL</subfield>
    <subfield code="p">B-308845</subfield>
    <subfield code="r">2020-11-19 00:00:00</subfield>
    <subfield code="s">2020-10-27</subfield>
    <subfield code="t">1</subfield>
    <subfield code="v">712.00</subfield>
    <subfield code="w">2009-05-25</subfield>
    <subfield code="y">EN</subfield>
  </datafield>
  <datafield tag="952" ind1=" " ind2=" ">
    <subfield code="0">0</subfield>
    <subfield code="1">0</subfield>
    <subfield code="2">ddc</subfield>
    <subfield code="4">0</subfield>
    <subfield code="7">0</subfield>
    <subfield code="8">NFIC</subfield>
    <subfield code="a">RKP</subfield>
    <subfield code="b">RKP</subfield>
    <subfield code="d">2009-05-25</subfield>
    <subfield code="e">Super/46979/47060/23.12.08/263/24.12.08</subfield>
    <subfield code="g">712.00</subfield>
    <subfield code="l">5</subfield>
    <subfield code="m">5</subfield>
    <subfield code="o">880.8 COL</subfield>
    <subfield code="p">B-308846</subfield>
    <subfield code="r">2022-02-22 00:00:00</subfield>
    <subfield code="s">2022-02-10</subfield>
    <subfield code="t">1</subfield>
    <subfield code="v">712.00</subfield>
    <subfield code="w">2009-05-25</subfield>
    <subfield code="y">EN</subfield>
  </datafield>
  <datafield tag="952" ind1=" " ind2=" ">
    <subfield code="0">1</subfield>
    <subfield code="1">0</subfield>
    <subfield code="2">ddc</subfield>
    <subfield code="4">0</subfield>
    <subfield code="7">0</subfield>
    <subfield code="8">NFIC</subfield>
    <subfield code="a">AG</subfield>
    <subfield code="b">AG</subfield>
    <subfield code="d">2009-05-25</subfield>
    <subfield code="e">Super/46979/47060/23.12.08/263/24.12.08</subfield>
    <subfield code="g">712.00</subfield>
    <subfield code="l">0</subfield>
    <subfield code="o">880.8 COL</subfield>
    <subfield code="p">B-308847</subfield>
    <subfield code="r">2009-05-25 00:00:00</subfield>
    <subfield code="t">1</subfield>
    <subfield code="v">712.00</subfield>
    <subfield code="w">2009-05-25</subfield>
    <subfield code="y">EN</subfield>
  </datafield>
  <datafield tag="952" ind1=" " ind2=" ">
    <subfield code="0">0</subfield>
    <subfield code="1">0</subfield>
    <subfield code="2">ddc</subfield>
    <subfield code="4">0</subfield>
    <subfield code="7">0</subfield>
    <subfield code="8">NFIC</subfield>
    <subfield code="a">ZLS</subfield>
    <subfield code="b">ZLS</subfield>
    <subfield code="d">2009-05-25</subfield>
    <subfield code="e">Super Book/47060/23.12.08/263/24.12.08</subfield>
    <subfield code="g">712.00</subfield>
    <subfield code="l">9</subfield>
    <subfield code="m">8</subfield>
    <subfield code="o">880.8 COL</subfield>
    <subfield code="p">B-309101</subfield>
    <subfield code="r">2026-01-02 00:00:00</subfield>
    <subfield code="s">2025-12-31</subfield>
    <subfield code="t">1</subfield>
    <subfield code="v">712.00</subfield>
    <subfield code="y">EN</subfield>
  </datafield>
  <datafield tag="952" ind1=" " ind2=" ">
    <subfield code="0">0</subfield>
    <subfield code="1">0</subfield>
    <subfield code="2">ddc</subfield>
    <subfield code="4">0</subfield>
    <subfield code="7">0</subfield>
    <subfield code="8">NFIC</subfield>
    <subfield code="a">VP</subfield>
    <subfield code="b">VP</subfield>
    <subfield code="d">2009-05-25</subfield>
    <subfield code="e">Super Book/47060/23.12.08/263/24.12.08</subfield>
    <subfield code="g">712.00</subfield>
    <subfield code="l">20</subfield>
    <subfield code="m">8</subfield>
    <subfield code="o">880.8 COL</subfield>
    <subfield code="p">B-309102</subfield>
    <subfield code="r">2019-07-29 00:00:00</subfield>
    <subfield code="s">2019-06-27</subfield>
    <subfield code="t">1</subfield>
    <subfield code="v">712.00</subfield>
    <subfield code="w">2009-05-25</subfield>
    <subfield code="y">EN</subfield>
  </datafield>
  <datafield tag="952" ind1=" " ind2=" ">
    <subfield code="0">0</subfield>
    <subfield code="1">0</subfield>
    <subfield code="2">ddc</subfield>
    <subfield code="4">0</subfield>
    <subfield code="7">0</subfield>
    <subfield code="8">NFIC</subfield>
    <subfield code="a">BL3</subfield>
    <subfield code="b">BL3</subfield>
    <subfield code="d">2009-05-25</subfield>
    <subfield code="e">Super Book/47060/23.12.08/263/24.12.08</subfield>
    <subfield code="g">712.00</subfield>
    <subfield code="l">0</subfield>
    <subfield code="o">880.8 COL</subfield>
    <subfield code="p">B-309103</subfield>
    <subfield code="r">2009-05-25 00:00:00</subfield>
    <subfield code="t">1</subfield>
    <subfield code="v">712.00</subfield>
    <subfield code="w">2009-05-25</subfield>
    <subfield code="y">EN</subfield>
  </datafield>
  <datafield tag="952" ind1=" " ind2=" ">
    <subfield code="0">0</subfield>
    <subfield code="1">0</subfield>
    <subfield code="2">ddc</subfield>
    <subfield code="4">0</subfield>
    <subfield code="7">0</subfield>
    <subfield code="8">NFIC</subfield>
    <subfield code="a">BL4</subfield>
    <subfield code="b">BL4</subfield>
    <subfield code="d">2009-05-25</subfield>
    <subfield code="e">Super Book/47060/23.12.08/263/24.12.08</subfield>
    <subfield code="g">712.00</subfield>
    <subfield code="l">2</subfield>
    <subfield code="m">2</subfield>
    <subfield code="o">880.8 COL</subfield>
    <subfield code="p">B-309104</subfield>
    <subfield code="r">2022-06-13 00:00:00</subfield>
    <subfield code="s">2022-05-23</subfield>
    <subfield code="t">1</subfield>
    <subfield code="v">712.00</subfield>
    <subfield code="w">2009-05-25</subfield>
    <subfield code="y">EN</subfield>
  </datafield>
  <datafield tag="952" ind1=" " ind2=" ">
    <subfield code="0">0</subfield>
    <subfield code="1">0</subfield>
    <subfield code="2">ddc</subfield>
    <subfield code="4">0</subfield>
    <subfield code="7">0</subfield>
    <subfield code="8">NFIC</subfield>
    <subfield code="a">JP</subfield>
    <subfield code="b">JP</subfield>
    <subfield code="d">2009-09-14</subfield>
    <subfield code="e">Super/50851/9.9.09/96/4.9.09/11.9.09</subfield>
    <subfield code="g">759.00</subfield>
    <subfield code="l">21</subfield>
    <subfield code="m">3</subfield>
    <subfield code="o">880.8 COL</subfield>
    <subfield code="p">B-357662</subfield>
    <subfield code="r">2023-10-20 00:00:00</subfield>
    <subfield code="s">2023-09-18</subfield>
    <subfield code="t">1</subfield>
    <subfield code="v">759.00</subfield>
    <subfield code="w">2009-09-14</subfield>
    <subfield code="y">EN</subfield>
  </datafield>
</record>
